| 000 | 00414nam a2200169Ia 4500 | ||
|---|---|---|---|
| 003 | GCL | ||
| 008 | 140319s9999 xx 000 0 eng d | ||
| 040 |
_aGCL / _cGCL |
||
| 082 | 0 | 4 |
_aCC _b932 _bB E |
| 100 | 1 | _aBUDGE, WALLIS | |
| 245 | 1 | 0 |
_aEGYPTIAN MAGIC / _cBUDGE, WALLIS |
| 260 |
_a[S.N] : _bDOVER PUBLICATIONS ، _c1971 |
||
| 300 | _a234 | ||
| 650 | 0 | 4 | _aRELIGION |
| 650 | 0 | 4 | _aANCIENT EGYPT |
| 942 |
_2ddc _cBK |
||
| 999 |
_c11285 _d11285 |
||